[Event "III. World-ch for Disabled 2017"]
[Site "Dresden"]
[Date "2017.10.08"]
[Round "3.1"]
[White "Obodchuk, Andrei"]
[Black "Varezhkin, Viktor"]
[Result "0-1"]
[WhiteElo "2360"]
[BlackElo "2243"]
[Annotator "TA"]
[PlyCount "130"]
[EventDate "2017.??.??"]
[EventType "swiss"]
[EventCountry "GER"]
[SourceTitle "playchess.com"]
[Source "ChessBase"]
[SourceQuality "1"]

{[%evp 11,130,44,62,64,54,0,0,24,11,2,0,0,5,0,-13,-56,-29,-66,4,-42,-50,-42,-53,-37,-43,-53,4,-36,24,11,10,16,13,24,25,0,-14,0,-8,-141,-148,-184,-201,-160,-197,-229,-235,-258,-262,-267,-197,-198,-207,-215,-210,-212,-206,-231,-225,-387,-403,-649,-508,-508,-508,-508,-508,-508,-508,-508,-508,-508,-310,-310,-276,-262,-262,-262,-262,-281,-141,-280,-281,-441,-402,-508,-508,-493,-456,-809,-802,-779,-759,-808,-808,-666,-584,-779,-584,-456,-343,-29937,-12847,-12219,-11702,-10289,-6485,-6274,-5764,-6087,-5862,-6070,-4779,-5723,0,-5498,-5484,-5464,-5447,-5102,-4819]} 1. d4 d5 2. c4 c6 3. Nf3 Nf6 4. Nc3 g6 5. Bf4 Bg7 6. e3 Nbd7 7. cxd5 {D92: Grünfeld: 4 Nf3 Bg7 5 Bf4} Nxd5 8. Bg3 (8. Nxd5 cxd5 9. Bd3 Qb6 10. Qb3 Qa5+ 11. Ke2 f6 12. Bg3 e5 13. dxe5 fxe5 14. Rhc1 O-O {1-0 (44) Halkias,S (2528)-Ftacnik,L (2603) Bled 2002}) 8... Nxc3 $146 ({Predecessor:} 8... N7f6 9. Bd3 Bg4 10. O-O O-O 11. Rc1 Rc8 12. Na4 Nd7 13. Nc5 Nxc5 14. Rxc5 Re8 {½-½ (28) Obdrzalkova,A (2004)-Bazantova,M (2040) Frydek Mistek 2009}) 9. bxc3 {The position is equal.} Qa5 10. Rc1 Qxa2 11. Bd3 e5 12. O-O Qe6 13. e4 O-O 14. Bc2 c5 (14... Qe7 $15) 15. dxe5 Nxe5 16. Nxe5 Bxe5 17. Bb3 Qe7 18. f4 {[#]} Bg7 (18... c4 $1 $15 {[%mdl 512]} 19. Bxc4 Qc5+ 20. Bf2 Qxc4 21. fxe5 Qxe4) 19. f5 {Threatens to win with Bd6.} c4 (19... Qxe4 $15 20. fxg6 hxg6) 20. Bd6 $11 Qxe4 21. Bxf8 Bxf8 22. Bc2 $1 {[%cal Rc2e4]} Qc6 23. Kh1 b5 $36 {[%mdl 2048] Black fights for an advantage.} 24. Qg4 {And now Be4 would win.} Bb7 25. Rce1 (25. h4 $11) 25... Re8 $1 $17 26. Bd1 {[#]} Rxe1 $1 27. Rxe1 Qf6 28. Rf1 Bc8 ({Don't go for} 28... Qxc3 $2 29. fxg6 hxg6 30. Qd7 $18) 29. Qg3 Bd6 30. Qe1 Qe5 31. Qxe5 Bxe5 $19 {[%mdl 4096] Endgame KRB-KB} 32. Re1 f6 33. fxg6 hxg6 34. Bf3 Kf7 35. Re3 $2 (35. Rc1) 35... a5 {[%cal Ba7a5,Ba5b4][%mdl 32]} 36. h4 (36. Bc6 $142 b4 37. cxb4 axb4 38. Bd5+ Be6 39. Bxc4 Bxc4 40. Re4) 36... b4 37. cxb4 axb4 38. Bd5+ Be6 39. Bxc4 Bxc4 40. Re4 Be6 41. Rxb4 Bg3 42. Rb7+ Kf8 43. Rb4 Bf5 44. Kg1 Kg7 45. Kf1 Bd3+ 46. Kg1 {[#]} Be2 $1 47. Re4 (47. Rb7+ $142 Kg8 48. Rb3 Bxh4 49. Rh3) 47... Bh5 48. Ra4 f5 49. Ra3 Bxh4 50. g3 (50. Ra6 $142) 50... Be7 51. Ra4 Bd1 52. Rc4 Bb3 53. Rc7 Kf6 54. Kg2 Bd6 55. Rd7 Be5 56. Kf3 $2 (56. Kh2 $19) 56... Kg5 57. Re7 Bd5+ 58. Kf2 Bd4+ 59. Ke1 Bg2 60. Rd7 Bc5 61. Rc7 Bb6 62. Rg7 Bd4 $2 ({Black should play} 62... Be4 $19 63. Ke2 Bd4) 63. Rg8 $2 {[%mdl 8192]} (63. Rd7 $11) 63... Be4 {Black is clearly winning.} 64. Ke2 Kh5 65. Rd8 Be5 {Precision: White = 38%, Black = 75%.} 0-1

[Event "III. World-ch for Disabled 2017"]
[Site "Dresden"]
[Date "2017.10.08"]
[Round "3.2"]
[White "Suder, Ryszard"]
[Black "Wielecki, Zygmunt"]
[Result "1/2-1/2"]
[WhiteElo "2061"]
[BlackElo "2199"]
[Annotator "TA"]
[PlyCount "60"]
[EventDate "2017.??.??"]
[EventType "swiss"]
[EventCountry "GER"]
[SourceTitle "playchess.com"]
[Source "ChessBase"]
[SourceQuality "1"]

{[%evp 22,60,0,0,0,0,29,36,42,40,43,43,62,35,51,25,20,0,0,0,0,-4,0,0,0,0,0,0,0,0,0,0,0,0,4,5,25,4,40,0,5]} 1. d4 Nf6 2. Nf3 d5 3. g3 c6 4. Bg2 Bf5 5. O-O e6 6. c4 Be7 7. Qb3 Qb6 8. c5 Qxb3 9. axb3 Nbd7 10. b4 O-O 11. Nc3 a6 {D11: Slav Defence: 3 Nf3 sidelines and 3...Nf6 4 e3 Bg4} 12. h3 {LiveBook: 5 Games} (12. Nd2 Bc2 13. Nf3 Rac8 14. Bf4 h6 15. h3 g5 16. Bd2 Bg6 17. Rfd1 Ne4 18. Be1 Bf6 19. e3 {½-½ (44) Mchedlishvili,M (2625)-Zhigalko,S (2656) Sestao 2010}) 12... Ne4 13. g4 Nxc3 14. bxc3 Be4 15. Bf4 Bxf3 $146 16. Bxf3 h6 17. e4 Bg5 18. Bxg5 hxg5 19. exd5 exd5 20. Rfe1 Rfe8 21. Kf1 Rxe1+ 22. Rxe1 $11 {[%mdl 4096] Endgame KRB-KRN} Kf8 23. Ke2 Re8+ 24. Kd2 Rxe1 25. Kxe1 {KB-KN} Nf6 26. Ke2 Ke7 27. Ke3 Ke6 28. Bg2 Ng8 29. f4 {[%cal Bf2f4,Bf4f5][%mdl 32]} f6 30. f5+ Kd7 {Precision: White = 58%, Black = 44%.} 1/2-1/2

[Event "III. World-ch for Disabled 2017"]
[Site "Dresden"]
[Date "2017.10.08"]
[Round "3.4"]
[White "Zimmer, Raphael"]
[Black "Mate, Balazs"]
[Result "1-0"]
[WhiteElo "2007"]
[BlackElo "2081"]
[Annotator "NA RC"]
[PlyCount "85"]
[EventDate "2017.??.??"]
[EventType "swiss"]
[EventCountry "GER"]
[SourceTitle "playchess.com"]
[Source "ChessBase"]
[SourceQuality "1"]
[TimeControl "40/5400+30:1800+30"]

{[%evp 8,75,20,14,58,0,7,-2,2,-2,43,24,42,18,68,73,76,50,58,50,99,91,84,100,95,62,84,95,199,0,35,1,12,12,23,72,22,-6,73,-30,133,87,421,0,133,160,206,-47,-42,-56,0,-91,133,21,329,103,97,82,298,313,306,324,396,389,383,534,453,554,606,500]} 1. e4 {[%emt 1:30:27]} c5 {[%emt 1:30:10]} 2. Nf3 {[%emt 1:30:44]} Nc6 {[%emt 1:30:28]} 3. d4 {[%emt 1:31:00]} cxd4 {[%emt 1:30:24]} 4. Nxd4 {[%emt 1:31:15]} Nf6 {[%emt 1:29:20]} 5. Nc3 {[%emt 1:31:24]} g6 {[%emt 1:28:41]} 6. Be3 {[%emt 1:31:08]} (6. Nxc6 $14 bxc6 7. e5) 6... Bg7 {[%emt 1:28:05]} 7. Bc4 {[%emt 1:30:52]} O-O {[%emt 1:24:55]} 8. Bb3 {[%emt 1:30:21]} Qa5 {[%emt 1:22:07]} 9. f3 {[%emt 1:29:08]} d6 {[%emt 1:06:45]} 10. Qd2 {[%emt 1:26:43]} Bd7 {[%emt 1:01:01]} ({Black should play} 10... Nxd4 $11 11. Bxd4 Be6) 11. O-O-O {[%emt 1:25:28]} Ne5 {[%emt 0:58:45]} 12. h4 {[%emt 1:21:46]} Rfc8 {[%emt 0:49:18]} 13. Kb1 {[%emt 1:21:14]} Nc4 {[%emt 0:45:53] [#]} 14. Bxc4 $1 {[%emt 1:21:18]} Rxc4 {[%emt 0:46:19]} 15. Nb3 {[%emt 1:21:03] LiveBook: 208 Games} Qa6 {[%emt 0:33:46]} 16. Bd4 {[%emt 1:17:26]} Rac8 {[%emt 0:32:10] [#] B79: Sicilian Dragon: Yugoslav Attack, 9 Bc4 Bd7 10 0-0-0 Qa5} 17. h5 $1 {[%emt 1:10:19]} b5 {[%emt 0:29:49]} ({Avoid the trap} 17... Nxh5 $2 18. Bxg7 Kxg7 19. g4 $18) (17... e5 $16 {was necessary.} 18. Bf2 (18. Be3 Nxh5 19. Bh6 Bxh6 20. Qxh6 Rxc3 21. bxc3 Nf6 22. Qd2 Rc6 23. g4 Be6 24. Qg5 {1-0 (37) Svetushkin,D (2472)-Rogers,I (2558) Istanbul 2000}) 18... Nxh5) 18. Rc1 $2 {[%emt 1:09:05]} ({Better is} 18. Bxf6 $18 exf6 19. Qxd6 Qxd6 20. Rxd6) 18... Be6 {[%emt 0:23:53]} ({Of course not} 18... gxh5 $6 19. Bxf6 Bxf6 20. Rxh5 $16) ({But not} 18... Nxh5 $2 19. Bxg7 Kxg7 20. g4 $18) 19. hxg6 {[%emt 1:06:19]} hxg6 {[%emt 1:06:19]} 20. Nd5 $146 {[%emt 0:22:13]} ({Predecessor:} 20. g4 R8c6 21. g5 Rxd4 22. Nxd4 b4 23. Nxe6 bxc3 24. Qd3 {½-½ (60) Espinoza Palomino,W (2281)-Akunka,D (2010) Thessaloniki 2009}) 20... Bxd5 {[%emt 0:21:02]} ({Avoid the trap} 20... Nxd5 $2 21. Bxg7 (21. exd5 Bf5 $11) 21... Nb4 22. a3 $16) 21. exd5 {[%emt 1:04:48]} Ra4 {[%emt 0:18:50]} 22. g4 {[%emt 0:55:55]} (22. Rce1 $5 {[%cal Re1e7]} Qb7 23. Rh2 $14) 22... Qb7 {[%emt 0:16:29]} (22... Rxa2 $11 23. Rce1 Kf8) 23. Bxf6 {[%emt 0:16:29]} (23. g5 $16 Nh5 24. Bxg7 Kxg7 25. Rh2) 23... exf6 {[%emt 0:14:54]} (23... Bxf6 $11 {keeps the balance.} 24. Rce1 Qa6) 24. Rh3 {[%emt 0:47:26]} Re8 $2 {[%emt 0:14:19]} (24... f5 $16) 25. Rd1 $2 {[%emt 0:37:57]} (25. Rch1 $18 f5 26. Qh2) 25... Re5 {[%emt 0:09:48]} (25... f5 $11) 26. f4 {[%emt 0:26:04]} Ree4 {[%emt 0:09:59] [#]} (26... Re8 $16) 27. Rf3 $2 {[%emt 0:23:35]} (27. Rdh1 $1 $18) 27... Qe7 {[%emt 0:23:35]} 28. Rf2 {[%emt 0:22:57]} Re3 {[%emt 0:08:30]} ({Better is} 28... f5 $15 29. g5 Kf8) 29. Nd4 {[%emt 0:21:56]} (29. Nc1 $11) 29... Qe8 {[%emt 0:04:49] [#]} (29... Qe4 $11 30. Nxb5 f5 31. Nxd6 Qe7) 30. Nxb5 {[%emt 0:16:57]} (30. f5 $1 $16) 30... Rg3 $2 {[%emt 0:03:35]} 31. Nc3 $2 {[%emt 0:16:27]} (31. Nxd6 $18 {und der Rest ist Schweigen.} Qd7 32. Qe1 (32. b3 Qxd6 33. Qe2 Rb4 $17)) 31... Rc4 {[%emt 0:16:27]} 32. Re1 {[%emt 0:15:23]} Qc8 $2 {[%emt 0:15:23]} (32... Qd7 $16) 33. Ne4 {[%emt 0:15:15]} Rxe4 {[%emt 0:00:28]} 34. Rxe4 {[%emt 0:15:36]} Qxg4 {[%emt 0:00:37]} 35. Re8+ {[%emt 0:14:56]} Bf8 {[%emt 0:00:53]} 36. a3 {[%emt 0:14:35]} Rg1+ $18 {[%emt 0:00:25]} 37. Ka2 {[%emt 0:14:56]} Rh1 {[%emt 0:00:10]} 38. Qb4 {[%emt 0:00:10]} Qh4 {[%emt 0:00:05]} 39. Qxd6 {[%emt 0:13:41]} Qh6 {[%emt 0:00:31]} 40. Qe7 {[%emt 0:00:31]} Rd1 {[%emt 0:13:28]} 41. Rh2 {[%emt 0:13:50]} Qg7 {[%emt 0:28:40]} 42. Rxf8+ {[%emt 0:44:10]} Qxf8 {[%emt 0:28:07]} 43. Rh8+ {[%emt 0:44:33]} 1-0

[Event "III. World-ch for Disabled 2017"]
[Site "Dresden"]
[Date "2017.10.08"]
[Round "4.1"]
[White "Tazbir, Marcin"]
[Black "Varezhkin, Viktor"]
[Result "1-0"]
[WhiteElo "2513"]
[BlackElo "2243"]
[Annotator "TA"]
[PlyCount "63"]
[EventDate "2017.??.??"]
[EventType "swiss"]
[EventCountry "GER"]
[SourceTitle "playchess.com"]
[Source "ChessBase"]
[SourceQuality "1"]

{[%evp 10,63,11,0,20,23,24,8,12,0,12,17,22,10,36,32,35,43,40,43,47,31,39,23,46,21,39,39,56,38,41,32,43,39,45,58,68,66,62,46,43,53,70,58,92,84,116,113,114,115,116,114,185,170,696,688]} 1. e4 c5 2. Nc3 Nc6 3. Bb5 Nf6 4. Bxc6 (4. Nf3 g6 5. h3 Bg7 6. e5 Ng8 7. Bxc6 dxc6 8. a4 Nh6 9. a5 Nf5 10. O-O O-O 11. d3 Nd4 12. Re1 Be6 13. Be3 {0-1 (79) Jobava,B (2710)-Reinderman,D (2593) Wijk aan Zee 2014}) 4... dxc6 5. d3 e5 6. f4 {LiveBook: 4 Partien. B23: Sizilianisch (Geschlossenes System)} Bd6 7. Nf3 Bg4 8. h3 {Weiß hat minimalen Vorteil.} Bxf3 $1 9. Qxf3 exf4 10. Bxf4 {[#] e5 ist eine echte Drohung.} Bxf4 11. Qxf4 Qe7 12. O-O $146 Nd7 13. Nd1 O-O 14. Ne3 Qe5 15. Qf2 g6 16. b3 Rae8 17. Rae1 b6 18. Kh1 h5 19. a4 Re6 20. Nc4 Qg5 21. Re3 Rf6 22. Rf3 {[%cal Rf3f6]} Rxf3 23. gxf3 {[%cal Bg2f3,Bf3f4][%mdl 32]} Qf4 24. Ne3 {[%cal Bc4e3,Be3g2,Bg2h4,Bh4f3][%mdl 32]} f5 25. Ng2 $36 {[%mdl 2048] Weiss kämpft um Vorteil.} Qd6 26. f4 Kh7 27. e5 {[%cal Be4e5,Be5e6][%mdl 32]} Qe6 28. Nh4 Rd8 29. Nf3 {Schwarz muss nun Sg5+ beachten.} Qe7 30. Qg2 Kh6 (30... Rc8 $16 {kämpft weiter.} 31. Rg1 Nf8) 31. e6 $18 Nf8 $2 {[#]} (31... Nb8 32. Ne5 Rg8) 32. Qg5+ $1 {Precision: Weiß = 71%, Schwarz = 34%.} 1-0

[Event "III. World-ch for Disabled 2017"]
[Site "Dresden"]
[Date "2017.10.08"]
[Round "4.2"]
[White "Wielecki, Zygmunt"]
[Black "Zimmer, Ralph"]
[Result "0-1"]
[WhiteElo "2199"]
[BlackElo "2215"]
[Annotator "TA"]
[PlyCount "78"]
[EventDate "2017.??.??"]
[EventType "swiss"]
[EventCountry "GER"]
[SourceTitle "playchess.com"]
[Source "ChessBase"]
[SourceQuality "1"]

{[%evp 15,78,6,0,-6,22,0,0,0,-6,-5,0,-3,0,0,0,0,0,0,-3,-17,-14,-14,0,-17,-11,-35,-12,-16,-14,-113,-113,-120,-120,-131,-131,-135,-135,-138,-127,-140,-98,-100,-81,-112,-110,-134,-134,-134,-128,-134,-134,-148,-108,-108,-108,-113,-110,-184,-182,-181,-162,-168,-141,-1056,-1017]} 1. d4 d5 2. Nf3 Nf6 3. Bg5 e6 4. e3 c5 5. c3 h6 6. Bh4 {D03: 1 d4 d5 2 Nf3 Nf6 3 Bg5, including Torre Attack with early ...d5} Bd6 (6... Nc6 7. Nbd2 a6 8. Bd3 Be7 9. O-O Nd7 10. Bxe7 Nxe7 11. Ne5 cxd4 12. exd4 Nxe5 13. dxe5 Bd7 14. Re1 Rc8 15. Nf3 {1-0 (33) Carlsen,M (2827)-Xiong,J (2633) Douglas 2017}) 7. Nbd2 Nbd7 8. Bd3 Qc7 {LiveBook: 6 Games} 9. Qe2 b6 10. Bxf6 $146 ({Predecessor:} 10. O-O Bb7 11. Rac1 Ne4 12. Bg3 Nxg3 13. hxg3 O-O 14. c4 Nf6 {½-½ (48) Schneider,I (2499)-Kugler,F (2073) Schwaebisch Gmuend 2010}) 10... Nxf6 11. e4 dxe4 12. Nxe4 Nxe4 13. Bxe4 Bb7 14. Qb5+ Ke7 15. Bxb7 Qxb7 16. O-O Rhd8 {[%cal Bh8d8,Bd8d7,Bd7e7,Be7e4][%mdl 32]} 17. Rfe1 Kf8 18. Rad1 Qc7 19. Re4 Rd7 20. c4 Rad8 21. d5 $1 exd5 22. cxd5 (22. Rxd5 $11 Be7 23. Rxd7 Rxd7 24. Qa4) 22... Be7 $17 {[%cal Bd6e7,Be7f6,Bf6d4][%mdl 32]} 23. Rde1 {[#]} Bf6 $1 24. Ne5 Re7 25. Ng4 Rxe4 26. Rxe4 Bd4 27. Ne3 g6 28. Qb3 Qb7 29. g3 Kg7 30. Rf4 Bxe3 31. Qxe3 Rxd5 {[%mdl 4096] [#] Endgame ( -> ...Rd1+). KQR-KQR} 32. Qf3 Qd7 33. h4 Rf5 34. Qc3+ Kh7 {Strongly threatening ...Rxf4.} 35. Re4 Rd5 36. Kh2 (36. Qf3 $17) 36... Rd4 $19 37. Re1 Rd2 38. Kg1 Rd1 39. b3 $2 {[%mdl 8192]} (39. a3 $17) 39... Qd4 {Precision: White = 32%, Black = 66%.} 0-1

[Event "III. World-ch for Disabled 2017"]
[Site "Dresden"]
[Date "2017.10.08"]
[Round "4.3"]
[White "Checiak, Krzysztof"]
[Black "Palin, Denis"]
[Result "1/2-1/2"]
[WhiteElo "2049"]
[BlackElo "2172"]
[Annotator "TA"]
[PlyCount "84"]
[EventDate "2017.??.??"]
[EventType "swiss"]
[EventCountry "GER"]
[SourceTitle "playchess.com"]
[Source "ChessBase"]
[SourceQuality "1"]

{[%evp 19,84,14,7,10,8,10,14,8,16,2,8,4,0,0,0,-11,0,-5,0,-10,-8,-10,-16,-11,18,17,19,17,18,16,13,6,9,5,16,0,0,0,0,0,0,0,0,-4,0,0,0,0,0,0,0,0,0,0,0,0,0,-6,-8,-5,0,-14,0,-335,-94,-187,-12]} 1. d4 e6 2. e4 d5 3. exd5 exd5 4. Bd3 Nc6 5. Nf3 Bd6 6. c3 Nge7 7. Qc2 Bg4 8. Nbd2 {[%cal Bb1d2,Bd2f1,Bf1e3][%mdl 32]} Qd7 9. O-O Bf5 10. Re1 O-O 11. Nf1 {C01: French: Exchange Variation} (11. b4 Bxd3 12. Qxd3 Qf5 13. Qxf5 Nxf5 14. a4 Rfe8 15. Rxe8+ Rxe8 16. Kf1 h5 17. Nb3 f6 18. b5 Nd8 {½-½ (58) Sveshnikov,V (2398)-Kovalenko,I (2684) Parnu 2016}) 11... Bxd3 12. Qxd3 Qf5 13. Qb5 {The position is equal.} a6 14. Qb3 Rfe8 $146 ({Predecessor:} 14... Na5 15. Qd1 Nc4 16. b3 Nb6 17. Bg5 f6 18. Bh4 Qd7 {½-½ (54) Millward,K-Beltran,J (2104) Gibraltar 2007}) 15. Bg5 f6 16. Ne3 Qd7 17. Bh4 Na5 18. Qc2 Bf4 19. Bg3 Bxe3 20. Rxe3 Nc4 21. Re2 c6 22. Rae1 Ng6 23. b3 Nd6 24. Bxd6 {[#] And now Bc5 would win.} Rxe2 25. Qxe2 {Threatens to win with Bc5.} Qxd6 26. g3 Qd7 27. h4 Kf7 28. h5 Nf8 29. Nh4 g6 30. hxg6+ hxg6 31. Qd2 Re8 32. Rxe8 Qxe8 33. f3 Qe6 34. Kf2 g5 35. Ng2 Qh3 36. Qd3 Ng6 37. c4 Ne7 38. Ne3 Qh2+ 39. Ng2 Qh3 40. Ne3 Qh2+ 41. Ke1 $2 {[%mdl 8192] [#]} (41. Ng2 $11 {and White is okay.}) 41... Ke8 $2 ({Less strong is} 41... Qxa2 42. Kf1 $17) (41... Qxg3+ $19 {and Black stays clearly on top.} 42. Ke2 Qh2+ 43. Kd1 Qxa2) 42. Qd1 (42. Nf5 $17) 42... Qg1+ $2 {Precision: White = 66%, Black = 49%.} (42... dxc4 $19 43. bxc4 Qxg3+ 44. Kd2 Ng6) 1/2-1/2

[Event "III. World-ch for Disabled 2017"]
[Site "Dresden"]
[Date "2017.10.08"]
[Round "4.6"]
[White "Scheffner, Jarno"]
[Black "Miozga, Tomasz"]
[Result "1/2-1/2"]
[WhiteElo "1801"]
[BlackElo "2023"]
[Annotator "NA RC"]
[PlyCount "61"]
[EventDate "2017.??.??"]
[EventType "swiss"]
[EventCountry "GER"]
[SourceTitle "playchess.com"]
[Source "ChessBase"]
[SourceQuality "1"]
[TimeControl "40/5400+30:1800+30"]

{[%evp 8,60,40,34,20,14,10,27,20,28,25,-24,41,22,50,17,39,0,10,7,27,28,13,32767,47,-14,-10,-6,-13,32767,39,32767,-22,-28,32767,-35,-4,32767,32767,32767,32767,32767,51,14,17,0,0,-14,-8,-27,0,-11,0,-16,0]} 1. e4 {[%emt 1:30:28]} c5 {[%emt 1:27:36]} 2. Nf3 {[%emt 1:30:49]} d6 {[%emt 1:28:01]} 3. d4 {[%emt 1:30:03]} cxd4 {[%emt 1:28:26]} 4. Nxd4 {[%emt 1:30:25]} Nf6 {[%emt 1:28:51]} 5. Nc3 {[%emt 1:30:15]} a6 {[%emt 1:29:18]} 6. Bg5 {[%emt 1:28:29]} e6 {[%emt 1:28:29]} 7. f4 {[%emt 1:29:37]} Be7 {[%emt 1:30:03]} 8. Qf3 {[%emt 1:28:34]} Qc7 {[%emt 1:30:06]} 9. g4 {[%emt 1:30:06]} ({Better is} 9. O-O-O $14) 9... Nbd7 {[%emt 1:25:26]} ({Black should try} 9... h6 $11 10. Bh4 Nbd7) 10. O-O-O {[%emt 1:23:46]} b5 {[%emt 1:30:49]} 11. Bxf6 {[%emt 1:22:55]} Nxf6 {[%emt 1:31:03]} 12. g5 {[%emt 1:23:17]} Nd7 {[%emt 1:31:28]} 13. f5 {[%emt 1:21:36]} Bxg5+ {[%emt 1:31:51]} 14. Kb1 {[%emt 1:22:03]} O-O {[%emt 1:20:19]} 15. fxe6 {[%emt 1:10:25]} Nb6 $1 {[%emt 1:20:41] LiveBook: 50 Games} ({Of course not} 15... fxe6 $6 16. Qg3 $16) 16. Qg3 {[%emt 1:08:56]} ({Better is} 16. Nd5 $14 Nxd5 17. exd5) 16... Bf6 $1 {[%emt 1:20:25]} 17. Nd5 {[%emt 0:36:49]} Nxd5 {[%emt 1:20:50]} 18. exd5 {[%emt 0:37:11]} fxe6 {[%emt 1:18:59]} (18... Bxd4 $5 19. Rxd4 fxe6 $11) 19. Nxe6 {[%emt 0:36:35]} (19. Z0 {[%emt 1:18:59]} e5 $2 {[%emt 1:18:59]} ({Resist} 19... exd5 20. Bg2 $15) (19... Bxd4 $19 20. Rxd4 e5)) 19... Bxe6 {[%emt 1:19:15]} 20. dxe6 {[%emt 0:36:54]} Be5 {[%emt 1:19:25]} 21. Qb3 {[%emt 0:36:56]} Kh8 {[%emt 1:19:41]} 22. Bh3 {[%emt 0:34:26]} Rf6 {[%emt 1:19:45]} 23. Rhf1 {[%emt 0:33:56]} Raf8 {[%emt 1:20:00]} 24. Rxf6 {[%emt 0:33:30]} Rxf6 {[%emt 1:18:29]} 25. Qd5 {[%emt 0:31:49]} g6 {[%emt 0:31:49]} 26. Qa8+ {[%emt 0:31:33]} Kg7 {[%emt 1:14:55]} 27. Qg2 {[%emt 1:14:55]} Qb6 {[%emt 1:05:30]} 28. Qa8 {[%emt 0:29:11]} Qc7 {[%emt 1:05:56]} 29. Qg2 {[%emt 0:29:32]} Qb6 {[%emt 1:06:13]} 30. Qa8 {[%emt 0:29:56]} Qc7 $11 {[%emt 1:06:28]} 31. Bf1 {[%emt 1:06:28]} 1/2-1/2